| 000 | 00392nam a2200133Ia 4500 | ||
|---|---|---|---|
| 008 | 231017s9999 xx 000 0 und d | ||
| 082 | _a625.8 | ||
| 082 | _bDAA | ||
| 245 | 0 | _a"Pavement design for roads, streets, and open storage areas, elastic layered method" | |
| 245 | 0 | _cDepartment of Army and Air Force | |
| 260 | _bDepartment of Army and Air Force | ||
| 300 | _c30cm | ||
| 942 | _cREP | ||
| 999 |
_c606072 _d606072 |
||